000 00815nam a2200217Ia 4500
001 10084
003 GE_BSU
008 181216s||||||||xx |||||||||||||| ||und||
040 _cGE_BSU
080 _a821.353.1–1+821.353.1-32+821.353.1-4
245 _aსამგორი.
245 _bლექსები,მოთხრობები,ნარკვევები
245 _cრედ.გ.ნატროშვილი.კ.კალაძე.მხატვ.ზ.ლეჟავა,ა.ბანძელაძე.
260 _aთბილისი
260 _bსახელგამი
260 _c1953
300 _a288გვ.23სმ.
653 _aლექსები,მოთხრობები,ნარკვევები
653 _aსამგორი.
942 _cBK
999 _c43356
_d43356